| 000 | 00624nam a2200229Ia 4500 | ||
|---|---|---|---|
| 005 | 20230609133138.0 | ||
| 008 | 131103s9999 xx 000 0 und d | ||
| 020 | _c1.75 pds | ||
| 040 | _aLoreto College | ||
| 041 | _aEnglish | ||
| 082 |
_a938 _bFOR |
||
| 100 | _aFarnara,Charles W. | ||
| 245 |
_aHerodotus _b an interpretative essay _cCharles W.Fornara |
||
| 260 |
_aOxford _bClarendon Press _c1971 |
||
| 300 | _a[8],98 p. | ||
| 504 | _aIncludes bibliographical references and index | ||
| 630 | _aGreece - Ancient History | ||
| 650 | _aHerodotus | ||
| 651 | _aAncient History | ||
| 850 | _aLCLIB | ||
| 942 | _cBK | ||
| 999 |
_c8615 _d59094 |
||